000 00483nam a2200205Ia 4500
008 210210b2008 xxu||||| |||| 00| 0 eng d
041 _aeng
082 _a342.085K PUTV
100 _aPUTTEGAVDA (Bi Vem)
245 _aVyakti svatantrya mattu aparadhi kanunu
260 _aBengaluru
_b-
_c2008
300 _a75
650 _aVyakti
650 _asvatantrya
650 _amattu
650 _akanunu
650 _aaparadhi
690 _aConstitutional Law
906 _a065360
999 _c142525
_d142525